[Event "Sarkany-Aranytiz IM"]
[Site "Budapest"]
[Date "2016.08.25"]
[Round "6.2"]
[White "Wenninger, Philipp"]
[Black "Tompa, Janos"]
[Result "1/2-1/2"]
[WhiteElo "2356"]
[BlackElo "2380"]
[PlyCount "233"]
[EventDate "2016.08.19"]
[EventType "tourn"]
[EventRounds "9"]
[EventCountry "HUN"]
[EventCategory "3"]

1. d4 Nf6 2. c4 e6 3. Nc3 Bb4 4. e3 b6 5. Nge2 Ba6 6. a3 Bxc3+ 7. Nxc3 d5 8.
Qf3 O-O 9. g4 Bb7 10. g5 Ne4 11. Nxe4 dxe4 12. Qg3 c5 13. dxc5 Nd7 14. Bd2 Nxc5
15. Bc3 Kh8 16. Rg1 Qe7 17. Qh4 e5 18. Rg3 Bc8 19. Rd1 Rd8 20. Rxd8+ Qxd8 21.
Qh5 Nd3+ 22. Bxd3 Qxd3 23. Qd1 Qxd1+ 24. Kxd1 Be6 25. b3 b5 26. Bxe5 bxc4 27.
b4 a6 28. Kc2 Rd8 29. Bd4 Rd5 30. h4 Rf5 31. Rg2 Kg8 32. Kc3 Kf8 33. h5 f6 34.
gxf6 gxf6 35. h6 Rg5 36. Rxg5 fxg5 37. Bf6 g4 38. Kd4 Kf7 39. Bg7 Bd7 40. Kxc4
Ke6 41. Kd4 Bc6 42. Be5 Bd5 43. Bg3 Bc6 44. Bf4 Bd5 45. Kc5 Bb3 46. b5 axb5 47.
Kxb5 Kd7 48. Kc5 Ke6 49. Kb4 Bd5 50. a4 Bc6 51. a5 Kd7 52. Kc5 Bb7 53. Kb6 Kc8
54. a6 Ba8 55. Bg3 Bd5 56. Kc5 Bb3 57. Kd6 Bf7 58. Ke7 Bg6 59. Ke6 Be8 60. Be5
Bc6 61. Ke7 Bd5 62. Bd6 Bc6 63. Bg3 Bb5 64. a7 Bc6 65. Kd6 Ba8 66. Bh4 Bb7 67.
Bf6 Ba8 68. Ke6 Bb7 69. Kd6 Ba8 70. Bg5 Bb7 71. Be7 Ba8 72. Ke6 Bb7 73. Bb4 Kc7
74. Ba5+ Kc8 75. Bb6 Ba8 76. Kf5 Kd7 77. Kxg4 Ke6 78. Kf4 Bb7 79. Bd4 Ba8 80.
Bc5 Bb7 81. Bd4 Ba8 82. f3 exf3 83. e4 Bb7 84. Kxf3 Ba8 85. Ke3 Bb7 86. Bg7 Ba8
87. Kd4 Bb7 88. Be5 Ba8 89. Bf4 Bb7 90. Bd2 Ba8 91. Bc3 Bb7 92. Be1 Ba8 93. Bg3
Bb7 94. e5 Bg2 95. Bf4 Ba8 96. Kc4 Bg2 97. Bh2 Bh1 98. Kc5 Kd7 99. Kb6 Bg2 100.
Bg1 Bf3 101. Bd4 Bg2 102. Bc5 Bf3 103. Bf8 Bg2 104. Bg7 Bf3 105. e6+ Kxe6 106.
Kc7 Kf7 107. Kb8 Kg8 108. a8=B Bxa8 109. Kxa8 Kf7 110. Kb7 Kg8 111. Kc6 Kf7
112. Kd5 Kg8 113. Ba1 Kf8 114. Ke6 Kg8 115. Kf6 Kf8 116. Ke6 Kg8 117. Ke7
1/2-1/2

[Event "Sarkany-Aranytiz IM"]
[Site "Budapest"]
[Date "2016.08.25"]
[Round "6.3"]
[White "Balint, Vilmos"]
[Black "Galyas, Miklos"]
[Result "0-1"]
[WhiteElo "2369"]
[BlackElo "2460"]
[PlyCount "104"]
[EventDate "2016.08.19"]
[EventType "tourn"]
[EventRounds "9"]
[EventCountry "HUN"]
[EventCategory "3"]

1. Nf3 d6 2. d4 g6 3. g3 Bg7 4. Bg2 Nf6 5. O-O O-O 6. c4 Nbd7 7. Nc3 e5 8. e4
c6 9. h3 Qa5 10. Re1 exd4 11. Nxd4 Ne5 12. Bf1 Re8 13. Be3 c5 14. Nb3 Qb4 15.
Nd2 Be6 16. a3 Qa5 17. Qc2 Nc6 18. b4 cxb4 19. axb4 Qh5 20. Ne2 Nxb4 21. Qb3 a5
22. g4 Bxg4 23. Ng3 Qe5 24. hxg4 Nxg4 25. Nf3 Qc3 26. Qa4 Nxe3 27. Ra3 Qc2 28.
Rexe3 Qxa4 29. Rxa4 b6 30. Bh3 Re7 31. Ne1 Bd4 32. Rb3 Bc5 33. Nd3 Nxd3 34.
Rxd3 Rae8 35. Kf1 h5 36. f3 f5 37. Bg2 h4 38. Ne2 fxe4 39. fxe4 Rf8+ 40. Ke1
Rf2 41. Bf3 h3 42. Bh1 h2 43. Ng3 Rb2 44. Rf3 Rf7 45. Rxf7 Kxf7 46. Nf1 g5 47.
Ra1 g4 48. Kd1 Kf6 49. Rc1 Rf2 50. Ng3 a4 51. Rc2 a3 52. Rc1 a2 0-1

[Event "Sarkany-Aranytiz IM"]
[Site "Budapest"]
[Date "2016.08.25"]
[Round "6.4"]
[White "Zentai, Peter"]
[Black "Lyell, Mark"]
[Result "0-1"]
[WhiteElo "2225"]
[BlackElo "2238"]
[PlyCount "124"]
[EventDate "2016.08.19"]
[EventType "tourn"]
[EventRounds "9"]
[EventCountry "HUN"]
[EventCategory "3"]

1. d4 e6 2. c4 f5 3. Nc3 Nf6 4. Nf3 Bb4 5. Bd2 b6 6. g3 Bb7 7. Bg2 O-O 8. O-O
Qe8 9. Rc1 d6 10. d5 e5 11. Ng5 Bxc3 12. Bxc3 Bc8 13. Ne6 Bxe6 14. dxe6 Nc6 15.
Qc2 e4 16. f3 Qxe6 17. Bxf6 Qxf6 18. fxe4 Rae8 19. Kh1 Qh6 20. c5 bxc5 21. Qc4+
Kh8 22. exf5 Nd4 23. e4 Rb8 24. b3 Rb4 25. Qd3 Nc6 26. Rf4 Rd4 27. Qe2 a5 28.
Rcf1 Ne5 29. h3 a4 30. bxa4 Rxa4 31. Kh2 c4 32. Qb2 Nd3 33. Qc2 Rb4 34. R4f3
Qf6 35. a3 Qb2 36. Qxb2 Rxb2 37. g4 g5 38. Kg3 Ne5 39. Rc3 Rb3 40. Rxb3 cxb3
41. Kf2 Rb8 42. Rb1 Nc4 43. Bf1 Nd2 44. Rb2 Nxe4+ 45. Ke3 Nc3 46. Kd4 Na4 47.
Rb1 d5 48. Re1 Rd8 49. Bb5 c5+ 50. Kd3 c4+ 51. Kd4 Nb6 52. a4 Ra8 53. f6 Kg8
54. Kc5 Nxa4+ 55. Kxd5 Nc3+ 56. Kxc4 Nxb5 57. Re5 Nd6+ 58. Kxb3 Nf7 59. Re6 Rc8
60. Re2 h6 61. h4 gxh4 62. Rh2 Kh7 0-1

[Event "Sarkany-Aranytiz IM"]
[Site "Budapest"]
[Date "2016.08.25"]
[Round "6.5"]
[White "Skomorokhin, Roman"]
[Black "Gschnitzer, Adrian"]
[Result "1/2-1/2"]
[WhiteElo "2395"]
[BlackElo "2225"]
[PlyCount "39"]
[EventDate "2016.08.19"]
[EventType "tourn"]
[EventRounds "9"]
[EventCountry "HUN"]
[EventCategory "3"]

1. d4 d5 2. Nf3 Nf6 3. c4 e6 4. e3 Be7 5. Nbd2 b6 6. cxd5 exd5 7. Bb5+ c6 8.
Bd3 O-O 9. O-O c5 10. b3 Ba6 11. Bxa6 Nxa6 12. Qe2 Nc7 13. Bb2 Ne6 14. Rfd1 Qc7
15. Rac1 Qb7 16. Nf1 Ne4 17. dxc5 bxc5 18. N3d2 Nxd2 19. Rxd2 Rfd8 20. Qg4
1/2-1/2

[Event "Sarkany-Aranytiz IM"]
[Site "Budapest"]
[Date "2016.08.26"]
[Round "7.1"]
[White "Gschnitzer, Adrian"]
[Black "Krstulovic, Alex"]
[Result "1-0"]
[WhiteElo "2225"]
[BlackElo "2270"]
[PlyCount "43"]
[EventDate "2016.08.19"]
[EventType "tourn"]
[EventRounds "9"]
[EventCountry "HUN"]
[EventCategory "3"]

1. e4 c5 2. Nf3 d6 3. d4 cxd4 4. Nxd4 Nf6 5. Nc3 a6 6. Bc4 e6 7. Bb3 b5 8. O-O
Be7 9. Qf3 Qb6 10. Be3 Qb7 11. Qg3 O-O 12. Bh6 Ne8 13. Rad1 Bd7 14. f4 Kh8 15.
Bg5 Bxg5 16. fxg5 b4 17. Qh4 Kg8 18. Rd3 Qb6 19. Kh1 bxc3 20. Rh3 h6 21. gxh6
Qxd4 22. h7+ 1-0

[Event "Sarkany-Aranytiz IM"]
[Site "Budapest"]
[Date "2016.08.26"]
[Round "7.2"]
[White "Lyell, Mark"]
[Black "Skomorokhin, Roman"]
[Result "1/2-1/2"]
[WhiteElo "2238"]
[BlackElo "2395"]
[PlyCount "97"]
[EventDate "2016.08.19"]
[EventType "tourn"]
[EventRounds "9"]
[EventCountry "HUN"]
[EventCategory "3"]

1. e4 c5 2. c3 e6 3. d4 d5 4. e5 Qb6 5. Nf3 Nc6 6. a3 Bd7 7. b4 cxd4 8. cxd4
Rc8 9. Be3 Nh6 10. Bd3 Ng4 11. O-O g6 12. Nbd2 Nxe3 13. fxe3 Bh6 14. Qe2 Ne7
15. g4 Ba4 16. Rac1 O-O 17. Rc5 Rxc5 18. bxc5 Qa5 19. Rb1 b6 20. cxb6 axb6 21.
g5 Bg7 22. Rc1 Rc8 23. Rxc8+ Nxc8 24. Nb1 Na7 25. Qd2 Qxd2 26. Nfxd2 Bf8 27. e4
Bb5 28. Bc2 Nc6 29. exd5 Nxd4 30. Be4 Bg7 31. Nc3 Bxe5 32. Nxb5 Nxb5 33. dxe6
fxe6 34. Nf3 Bf4 35. a4 Nc3 36. Bc2 e5 37. h4 e4 38. Ne1 Bg3 39. Ng2 Kg7 40.
Kf1 h6 41. gxh6+ Kxh6 42. Ne3 Kh5 43. Nd1 Na2 44. Bxe4 Bxh4 45. Ne3 Nc3 46.
Bf3+ Kg5 47. Bc6 Kf4 48. Nd5+ Nxd5 49. Bxd5 1/2-1/2

[Event "Sarkany-Aranytiz IM"]
[Site "Budapest"]
[Date "2016.08.26"]
[Round "7.3"]
[White "Galyas, Miklos"]
[Black "Zentai, Peter"]
[Result "1/2-1/2"]
[WhiteElo "2460"]
[BlackElo "2225"]
[PlyCount "49"]
[EventDate "2016.08.19"]
[EventType "tourn"]
[EventRounds "9"]
[EventCountry "HUN"]
[EventCategory "3"]

1. Nf3 d5 2. c4 c6 3. g3 Nf6 4. Bg2 e6 5. O-O Nbd7 6. d4 Be7 7. Qc2 O-O 8. Nbd2
b6 9. e4 Bb7 10. e5 Ne8 11. cxd5 cxd5 12. Re1 Qc7 13. Qb3 Ba6 14. Bf1 Qb7 15.
Bd3 Bxd3 16. Qxd3 Nc7 17. Nf1 Rfc8 18. Bg5 Bf8 19. Bd2 Qa6 20. Qb3 Qc4 21. Rec1
Qxb3 22. axb3 Nb5 23. Ne3 f6 24. exf6 Nxf6 25. Ng2 1/2-1/2

[Event "Sarkany-Aranytiz IM"]
[Site "Budapest"]
[Date "2016.08.26"]
[Round "7.4"]
[White "Tompa, Janos"]
[Black "Balint, Vilmos"]
[Result "1-0"]
[WhiteElo "2380"]
[BlackElo "2369"]
[PlyCount "59"]
[EventDate "2016.08.19"]
[EventType "tourn"]
[EventRounds "9"]
[EventCountry "HUN"]
[EventCategory "3"]

1. Nf3 c5 2. e4 a6 3. c3 e6 4. d3 d5 5. Nbd2 Nc6 6. g3 Nf6 7. Bg2 Be7 8. O-O
O-O 9. Re1 b5 10. e5 Nd7 11. Nf1 f6 12. exf6 Bxf6 13. d4 Nb6 14. Ne3 b4 15.
dxc5 bxc3 16. cxb6 cxb2 17. Bxb2 Bxb2 18. Rb1 Bc3 19. b7 Bxb7 20. Rxb7 Bxe1 21.
Qxe1 Rb8 22. Rxb8 Qxb8 23. Ng5 Nd4 24. Nxd5 Qb2 25. Ne7+ Kh8 26. Nc6 Nxc6 27.
Bxc6 Rc8 28. Nf7+ Kg8 29. Nd6 Rf8 30. Qxe6+ 1-0

[Event "Sarkany-Aranytiz IM"]
[Site "Budapest"]
[Date "2016.08.26"]
[Round "7.5"]
[White "Berta, Sandor"]
[Black "Wenninger, Philipp"]
[Result "0-1"]
[WhiteElo "2229"]
[BlackElo "2356"]
[PlyCount "60"]
[EventDate "2016.08.19"]
[EventType "tourn"]
[EventRounds "9"]
[EventCountry "HUN"]
[EventCategory "3"]

1. e4 c6 2. d4 d5 3. e5 Bf5 4. h4 h5 5. c4 e6 6. Nc3 Ne7 7. Nge2 Nd7 8. Ng3 Bg6
9. Bg5 Qb6 10. Qd2 f6 11. exf6 gxf6 12. Be3 O-O-O 13. cxd5 Nxd5 14. Nxd5 cxd5
15. Rc1+ Kb8 16. a3 Bd6 17. Ne2 Rc8 18. Nc3 Rhg8 19. Be2 Ka8 20. O-O Bb8 21.
Bf3 Bf5 22. Ne2 Qd6 23. Bf4 e5 24. Bh2 Rcd8 25. Kh1 Nb6 26. Rc5 Qd7 27. Nc3 e4
28. Be2 Bxh2 29. Kxh2 Rxg2+ 30. Kxg2 Qg7+ 0-1

[Event "Sarkany-Aranytiz IM"]
[Site "Budapest"]
[Date "2016.08.27"]
[Round "8.1"]
[White "Krstulovic, Alex"]
[Black "Wenninger, Philipp"]
[Result "0-1"]
[WhiteElo "2270"]
[BlackElo "2356"]
[PlyCount "124"]
[EventDate "2016.08.19"]
[EventType "tourn"]
[EventRounds "9"]
[EventCountry "HUN"]
[EventCategory "3"]

1. d4 d5 2. c4 c6 3. Nc3 Nf6 4. cxd5 cxd5 5. Bf4 Nc6 6. e3 Bf5 7. Qb3 Na5 8.
Qa4+ Bd7 9. Qc2 e6 10. Bd3 Nc6 11. a3 Nh5 12. Bg3 f5 13. Nf3 Be7 14. Be5 Nf6
15. O-O O-O 16. b4 Rc8 17. Rfc1 Ne4 18. Qb3 Qe8 19. Rc2 Bf6 20. Bxf6 gxf6 21.
Rac1 Kh8 22. Ne2 Rg8 23. b5 Ne7 24. Rxc8 Nxc8 25. Ne1 Ncd6 26. a4 Qb8 27. Qb4
Ng5 28. Ng3 Nge4 29. a5 b6 30. a6 Kg7 31. Nh5+ Kh6 32. Nf4 Kg7 33. f3 Ng5 34.
Nh5+ Kg6 35. Nf4+ Kg7 36. Nh5+ Kg6 37. Nf4+ Kh6 38. Rb1 Rc8 39. Qd2 Kg7 40.
Nh5+ Kg6 41. Nf4+ Kg7 42. Nh5+ Kg6 43. Nf4+ Kh6 44. h4 Ngf7 45. e4 dxe4 46.
fxe4 Nxe4 47. Bxe4 fxe4 48. Nxe6+ Kg6 49. h5+ Kxh5 50. Qe2+ Kh6 51. Qxe4 Qd6
52. Qh4+ Kg6 53. Nf4+ Kg7 54. Qg3+ Kh8 55. d5 Bf5 56. Rb3 Re8 57. Ned3 Rg8 58.
Qf2 Ng5 59. Qe3 Be4 60. Nf2 Qe5 61. Rb4 Nf3+ 62. Kh1 Qa1+ 0-1

[Event "Sarkany-Aranytiz IM"]
[Site "Budapest"]
[Date "2016.08.27"]
[Round "8.2"]
[White "Balint, Vilmos"]
[Black "Berta, Sandor"]
[Result "1-0"]
[WhiteElo "2369"]
[BlackElo "2229"]
[PlyCount "77"]
[EventDate "2016.08.19"]
[EventType "tourn"]
[EventRounds "9"]
[EventCountry "HUN"]
[EventCategory "3"]

1. e4 c5 2. Nf3 Nc6 3. d4 cxd4 4. Nxd4 Qc7 5. Nc3 e6 6. g3 a6 7. Bg2 Nf6 8. Be3
Bb4 9. Nde2 O-O 10. a3 Be7 11. O-O b5 12. a4 b4 13. Nd5 exd5 14. exd5 Ne5 15.
d6 Bxd6 16. Bxa8 Bb7 17. Bxb7 Qxb7 18. Nd4 Bc5 19. f3 Nc4 20. Bf2 Nxb2 21. Qc1
Nc4 22. Qg5 Bxd4 23. Bxd4 h6 24. Qf4 Nd5 25. Qg4 g6 26. Rae1 Rc8 27. Rf2 Kh7
28. Qe4 a5 29. Ba1 Qc6 30. Qd4 f6 31. Rd1 Nce3 32. Rd3 Re8 33. h4 Qxa4 34. h5
Qa2 35. hxg6+ Kxg6 36. Kh2 Re5 37. g4 Qb1 38. Rxe3 Nxe3 39. Qd3+ 1-0

[Event "Sarkany-Aranytiz IM"]
[Site "Budapest"]
[Date "2016.08.27"]
[Round "8.3"]
[White "Zentai, Peter"]
[Black "Tompa, Janos"]
[Result "0-1"]
[WhiteElo "2225"]
[BlackElo "2380"]
[PlyCount "68"]
[EventDate "2016.08.19"]
[EventType "tourn"]
[EventRounds "9"]
[EventCountry "HUN"]
[EventCategory "3"]

1. d4 Nf6 2. c4 e6 3. Nc3 Bb4 4. Qc2 O-O 5. e4 d5 6. e5 Ne4 7. Bd3 f5 8. exf6
Nxf6 9. Nf3 dxc4 10. Bxc4 Nc6 11. Be3 Ne7 12. O-O Ned5 13. Ne4 c6 14. Bg5 Be7
15. a3 Nxe4 16. Bxe7 Qxe7 17. Qxe4 Rf4 18. Qe5 Rf5 19. Qg3 c5 20. Bd3 Nf4 21.
Ne5 cxd4 22. Rfe1 Nxd3 23. Qxd3 Qd6 24. Qe4 Bd7 25. Qxb7 Rd8 26. Qe4 Ba4 27.
Nc4 Qd5 28. Qxd5 Rfxd5 29. Rxe6 Rc5 30. Nd2 Rc2 31. Ne4 Rxb2 32. g3 d3 33. Ra6
Bb3 34. Rxa7 d2 0-1

[Event "Sarkany-Aranytiz IM"]
[Site "Budapest"]
[Date "2016.08.27"]
[Round "8.5"]
[White "Gschnitzer, Adrian"]
[Black "Lyell, Mark"]
[Result "0-1"]
[WhiteElo "2225"]
[BlackElo "2238"]
[PlyCount "60"]
[EventDate "2016.08.19"]
[EventType "tourn"]
[EventRounds "9"]
[EventCountry "HUN"]
[EventCategory "3"]

1. e4 c6 2. d4 d5 3. e5 c5 4. dxc5 Nc6 5. Bb5 e6 6. Be3 Nh6 7. c3 Bd7 8. Bxc6
Bxc6 9. Nf3 Nf5 10. Bd4 Nxd4 11. Qxd4 Qc7 12. b4 b6 13. cxb6 axb6 14. O-O Be7
15. Nbd2 O-O 16. Rfc1 Qb7 17. Qg4 Ra3 18. Nd4 Rfa8 19. Nf1 Kh8 20. Qh5 g6 21.
Qe2 Bd7 22. f4 Qc8 23. Qd2 Qa6 24. Rc2 Ba4 25. Rb2 Bb5 26. Ne3 Bc4 27. Ng4 Qc8
28. Nf3 Bb5 29. Rc1 Qc4 30. Rcc2 Qf1# 0-1

[Event "Sarkany-Aranytiz IM"]
[Site "Budapest"]
[Date "2016.08.28"]
[Round "9.1"]
[White "Lyell, Mark"]
[Black "Krstulovic, Alex"]
[Result "0-1"]
[WhiteElo "2238"]
[BlackElo "2270"]
[PlyCount "124"]
[EventDate "2016.08.19"]
[EventType "tourn"]
[EventRounds "9"]
[EventCountry "HUN"]
[EventCategory "3"]

1. e4 c5 2. Nf3 d6 3. Bb5+ Bd7 4. Bxd7+ Qxd7 5. c4 Nf6 6. Nc3 g6 7. d4 cxd4 8.
Nxd4 Bg7 9. f3 Nc6 10. Be3 O-O 11. O-O Rfc8 12. b3 Qd8 13. Rc1 Nd7 14. Qd2 a6
15. Nxc6 bxc6 16. Na4 c5 17. Rfd1 Rab8 18. Qe1 Qe8 19. f4 Nf6 20. e5 Ng4 21. h3
Nxe3 22. Qxe3 Qc6 23. Rd5 Re8 24. Kh1 Bh6 25. Rcd1 Qc7 26. Qg3 Rbd8 27. Qh4 Bg7
28. exd6 Rxd6 29. Qf2 Bd4 30. Qe2 Rxd5 31. cxd5 Qxf4 32. Qxa6 Be5 33. Kg1 Qh2+
34. Kf2 Bg3+ 35. Kf3 Bh4 36. Qf1 Qg3+ 37. Ke2 Qe5+ 38. Kf3 Qf5+ 39. Ke2 Qe4+
40. Kd2 Bg5+ 41. Kc3 Bf6+ 42. Kd2 Qxd5+ 43. Kc1 Qe5 44. Qd3 Qa1+ 45. Qb1 Bg5+
46. Kc2 Qf6 47. Rf1 Qc6 48. Qe1 c4 49. Kb1 cxb3 50. axb3 Rb8 51. Qg3 Qb5 52.
Rf3 Bf6 53. Qf4 Rd8 54. Qc4 Qe5 55. Kc2 Qa1 56. Rd3 Rb8 57. Nc3 Ra8 58. Rd1 Qa7
59. Rd2 Qb7 60. Qd5 Qc8 61. Qc4 Qf5+ 62. Qe4 Rc8 0-1

[Event "Sarkany-Aranytiz IM"]
[Site "Budapest"]
[Date "2016.08.28"]
[Round "9.2"]
[White "Galyas, Miklos"]
[Black "Gschnitzer, Adrian"]
[Result "1/2-1/2"]
[WhiteElo "2460"]
[BlackElo "2225"]
[PlyCount "29"]
[EventDate "2016.08.19"]
[EventType "tourn"]
[EventRounds "9"]
[EventCountry "HUN"]
[EventCategory "3"]

1. Nf3 c5 2. c4 Nf6 3. g3 g6 4. b3 Bg7 5. Bb2 O-O 6. Bg2 Nc6 7. O-O d5 8. cxd5
Nxd5 9. Bxg7 Kxg7 10. Nc3 Nc7 11. Qc2 e5 12. Qb2 Qe7 13. Rac1 Bd7 14. d3 Rac8
15. a3 1/2-1/2

[Event "Sarkany-Aranytiz IM"]
[Site "Budapest"]
[Date "2016.08.28"]
[Round "9.3"]
[White "Tompa, Janos"]
[Black "Skomorokhin, Roman"]
[Result "1/2-1/2"]
[WhiteElo "2380"]
[BlackElo "2395"]
[PlyCount "95"]
[EventDate "2016.08.19"]
[EventType "tourn"]
[EventRounds "9"]
[EventCountry "HUN"]
[EventCategory "3"]

1. Nf3 d5 2. g3 c6 3. Bg2 Bg4 4. b3 f6 5. d4 Nd7 6. Bb2 e6 7. h3 Bh5 8. Nbd2 f5
9. Qc1 Nh6 10. Ba3 Be7 11. Bxe7 Qxe7 12. c4 Nf7 13. O-O O-O 14. Qc3 Qf6 15. b4
Rac8 16. Rac1 Rfd8 17. Rfe1 a6 18. a3 g5 19. Nh2 Nf8 20. e3 Bg6 21. f4 gxf4 22.
gxf4 Bh5 23. Ndf3 Bxf3 24. Nxf3 Ng6 25. Kh2 Nd6 26. Ne5 Kh8 27. c5 Nf7 28. Rg1
Nfxe5 29. fxe5 Qh4 30. Qe1 Qh6 31. Qe2 Rg8 32. Bf3 Nh4 33. Rcf1 Rcf8 34. Rxg8+
Rxg8 35. Bh1 Rf8 36. Bf3 Rg8 37. Bh1 Ng6 38. Bf3 Rf8 39. Bh5 Nh4 40. Rf4 Qg5
41. Qf2 Ng6 42. Bxg6 hxg6 43. Rg4 fxg4 44. Qxf8+ Kh7 45. Qf7+ Kh6 46. Qf8+ Kh7
47. Qf7+ Kh6 48. Qf8+ 1/2-1/2

[Event "Sarkany-Aranytiz IM"]
[Site "Budapest"]
[Date "2016.08.28"]
[Round "9.4"]
[White "Berta, Sandor"]
[Black "Zentai, Peter"]
[Result "1/2-1/2"]
[WhiteElo "2229"]
[BlackElo "2225"]
[PlyCount "89"]
[EventDate "2016.08.19"]
[EventType "tourn"]
[EventRounds "9"]
[EventCountry "HUN"]
[EventCategory "3"]

1. g3 d5 2. Bg2 Nf6 3. d3 e5 4. Nf3 Bd6 5. Nbd2 c6 6. e4 O-O 7. O-O Re8 8. h3
Qc7 9. Nh4 dxe4 10. dxe4 Be6 11. Qe2 Nbd7 12. Nc4 Bc5 13. Ne3 Nf8 14. Kh1 Ng6
15. Nhf5 Ne7 16. Nh4 Ng6 17. Nhf5 Ne7 18. g4 Ng6 19. g5 Nf4 20. Qf3 N6h5 21.
Ng4 Bxf5 22. exf5 e4 23. Qc3 Bf8 24. b3 Nxg2 25. Kxg2 Nf4+ 26. Kh1 Ne2 27. Qe3
Nxc1 28. Raxc1 Qa5 29. Qf4 Qc3 30. Qe3 Qxe3 31. fxe3 Rad8 32. Rcd1 Bc5 33. Kg2
Kf8 34. Kf2 Ke7 35. f6+ Kf8 36. Ke2 Bb6 37. Rxd8 Rxd8 38. Rf4 Rd5 39. h4 Bd8
40. Rxe4 gxf6 41. gxf6 h5 42. c4 Rf5 43. Ne5 Bxf6 44. Nd7+ Kg7 45. Nxf6 1/2-1/2

[Event "Sarkany-Aranytiz IM"]
[Site "Budapest"]
[Date "2016.08.28"]
[Round "9.5"]
[White "Wenninger, Philipp"]
[Black "Balint, Vilmos"]
[Result "0-1"]
[WhiteElo "2356"]
[BlackElo "2369"]
[PlyCount "108"]
[EventDate "2016.08.19"]
[EventType "tourn"]
[EventRounds "9"]
[EventCountry "HUN"]
[EventCategory "3"]

1. d4 Nf6 2. c4 e6 3. Nc3 Bb4 4. e3 O-O 5. Nge2 c6 6. a3 Ba5 7. Bd2 d5 8. cxd5
exd5 9. Ng3 Ne8 10. Bd3 f5 11. Qc2 Nd6 12. f3 Bc7 13. O-O-O a5 14. e4 Nc4 15.
e5 b5 16. Nce2 c5 17. Bxf5 Bxf5 18. Nxf5 Nc6 19. f4 Nb4 20. Qb1 Bb6 21. dxc5
Bxc5 22. axb4 axb4 23. Nfd4 Qb6 24. Nb3 Rfc8 25. Qd3 Bf2 26. Kb1 Qa7 27. Nec1
Na5 28. Qxd5+ Kh8 29. Nxa5 Qxa5 30. Na2 Rc4 31. Qxa8+ Qxa8 32. Bxb4 h6 33. Bc3
Ra4 34. Nc1 Ra1+ 35. Kc2 Qa4+ 36. b3 Qe4+ 37. Rd3 Ra8 38. Rhd1 b4 39. Bb2 Be3
40. Kb1 Bxf4 41. e6 Qxe6 42. Rd8+ Rxd8 43. Rxd8+ Kh7 44. Rd4 Qf5+ 45. Nd3 Be5
46. Rd5 Qf1+ 47. Bc1 Bc3 48. Nf4 Qa6 49. Nd3 Qe6 50. Rd8 Qxb3+ 51. Nb2 Qe6 52.
g3 b3 53. Nd3 Qa6 54. Nb2 Qa2# 0-1